00729nab a22001937a 4500003000400000005001700004008004100021040000800062080001000070100015700080245010200237260001000339500002600349650001700375650003700392773007800429942001300507999001500520BPK20160229140715.0160229b1979 pl ||||| |||| 00| ||pol  cBPK a637.1 aŁOŚ, Kazimierz.d1977 - 1982.bWyższa Szkoła Inżynierska w Koszalinie - Instytut Inżynierii i Środowiska,cZakład Ogrzewnictwa i Wentylacji aCo daje integracja przemysłu mleczarskiego z gospodarstwami indywidualnymi? /cKazimierz Łoś. c1979. aDane z kartoteki bpp. 0aMleczarstwo. 0aIndywidualne gospodarstwo rolne. iW :tWieś Współczesna. -g1979, nr 5, s. 76-82g1979, nr 6, s. 57-62 cART2UKD c7403d7403